000 00641nam a2200241 i 4500
001 C2-0028087
003 PPAK
005 20190630222012.0
008 970205s1987 enka|||| ||||| | eng d
020 _a0356113612
040 _aPPAK
_beng
_cPPAK
_erda
082 0 4 _a503.21
_223
090 0 0 _a503.21
_bKER
_dK
100 1 _aKerrod, Robin,
_eauthor
245 1 0 _aChanging things
264 1 _aLondon :
_bMacDonald ,
_c1987
300 _a54 pages :
_bcolour illustrations ;
_c28 cm
336 _2rdacontent
_atext
337 _2rdamedia
_aunmediated
338 _2rdacarrier
_avolume
650 1 0 _aScience - Dictionaries
942 _ddc
_cB
999 _c5110
_d5110